Kpop par génération - Statistiques

Statistiques générales
  • Ce quiz a été pris 2 747 fois
  • Le résultat moyen est 43 sur 143
Statistiques - réponses
Début Réponse Statut % Correct
Jun 13, 2013 BTS en pause
96%
Aug 8, 2016 BLACKPINK actif
92%
Mar 25, 2018 Stray Kids actif
89%
Oct 20, 2015 TWICE actif
85%
Apr 8, 2012 EXO actif
81%
Aug 19, 2006 BIGBANG actif
80%
Aug 5, 2007 Girls' Generation actif
80%
Mar 4, 2019 TXT actif
77%
Feb 12, 2019 ITZY actif
76%
Nov 30, 2020 ENHYPEN actif
75%
Aug 1, 2014 Red Velvet actif
73%
Oct 24, 2018 ATEEZ actif
72%
Apr 9, 2016 NCT actif
72%
May 26, 2015 SEVENTEEN actif
72%
Nov 17, 2020 aespa actif
71%
Aug 1, 2022 NewJeans actif
71%
May 2, 2022 LE SSERAFIM actif
69%
Dec 1, 2021 IVE actif
68%
May 2, 2018 (G)I-DLE actif
67%
Jun 19, 2014 MAMAMOO actif
67%
May 25, 2008 SHINee actif
66%
May 6, 2009 2NE1 dissous
65%
Jan 16, 2014 GOT7 actif
63%
Feb 22, 2022 NMIXX actif
57%
Nov 6, 2005 SUPER JUNIOR actif
57%
Oct 29, 2018 IZ*ONE dissous
55%
Sep 4, 2008 2PM actif
54%
Aug 7, 2020 TREASURE actif
52%
May 14, 2015 MONSTA X actif
50%
Sep 15, 2015 iKON actif
48%
Jan 13, 2017 Dreamcatcher actif
46%
Sep 7, 1996 H.O.T dissous
46%
Dec 6, 2017 THE BOYZ actif
46%
Jul 21, 2008 2AM actif
45%
Nov 10, 2016 MOMOLAND actif
45%
Mar 21, 2012 BTOB actif
44%
Feb 13, 2007 Wonder Girls dissous
43%
Feb 23, 2016 ASTRO actif
42%
Mar 21, 2019 EVERGLOW actif
42%
Jan 16, 2015 GFRIEND dissous
42%
Jan 3, 2022 Kep1er actif
41%
Aug 20, 2018 LOONA actif
41%
Oct 10, 2016 PENTAGON actif
40%
Nov 1, 1997 S.E.S dissous
39%
Aug 7, 2017 Wanna One dissous
39%
Sep 7, 2015 DAY6 actif
38%
May 4, 2016 I.O.I dissous
37%
Jan 9, 2019 ONEUS actif
37%
Dec 26, 2003 TVXQ! actif
37%
Sep 5, 2009 f(x) dissous
36%
Oct 28, 2020 P1Harmony actif
36%
Jun 15, 2009 4Minute dissous
34%
Apr 19, 2011 Apink actif
34%
Jan 24, 2018 fromis_9 actif
34%
Nov 12, 2020 STAYC actif
34%
Aug 9, 2012 AOA en pause
33%
Jul 19, 2017 KARD actif
33%
Jun 4, 2010 SISTAR dissous
33%
Oct 4, 2019 SuperM actif
33%
Aug 17, 2014 WINNER actif
33%
Jul 1, 2010 miss A dissous
31%
Apr 15, 2011 Block B en pause
30%
Mar 29, 2007 KARA actif
30%
Mar 15, 2021 PURPLE KISS actif
30%
Jul 29, 2009 T-ARA actif
29%
Mar 19, 2015 CLC dissous
27%
Apr 14, 2020 CRAVITY actif
27%
Jan 17, 2019 WayV actif
27%
Feb 16, 2012 EXID actif
24%
Mar 15, 2012 NU'EST dissous
24%
Jan 26, 2012 B.A.P dissous
23%
May 24, 2012 VIXX actif
23%
Dec 6, 2021 Xdinary Heroes actif
23%
Jan 15, 2009 AFTER SCHOOL en pause
22%
Jun 9, 2010 INFINITE en pause
22%
Apr 21, 2015 OH MY GIRL actif
22%
Aug 3, 2017 The Rose actif
22%
Jan 21, 2019 Cherry Bullet actif
21%
Mar 24, 1998 Shinhwa actif
21%
Apr 16, 2009 B2ST (BEAST) dissous
20%
Feb 9, 2022 VIVIZ actif
20%
Oct 16, 2020 BLACKSWAN actif
19%
Jul 23, 2019 CIX actif
19%
Aug 27, 2019 X1 dissous
19%
Nov 10, 2021 Billlie actif
18%
Jul 7, 2010 Girl's Day en pause
18%
Nov 9, 2016 VICTON actif
18%
Jun 30, 2020 Weeekly actif
18%
Feb 25, 2016 WJSN actif
18%
Mar 2, 2006 Brown Eyed Girls en pause
17%
Feb 27, 2020 MCND actif
17%
May 22, 2019 AB6IX actif
16%
Sep 11, 2015 ACE dissous
16%
May 23, 2017 A.C.E actif
16%
Aug 28, 2017 Golden Child actif
16%
Aug 24, 2015 APRIL dissous
13%
Apr 8, 2011 Brave Girls actif
13%
Jan 3, 2022 GOT the beat actif
13%
Mar 21, 2017 PRISTIN dissous
13%
Aug 8, 2017 Weki Meki actif
12%
Jun 7, 2007 FT ISLAND en pause
11%
Feb 18, 2021 KINGDOM actif
11%
Feb 24, 2021 PIXY actif
11%
Oct 21, 2003 Epik High actif
10%
Aug 3, 2018 NATURE actif
10%
Jun 30, 2021 OMEGA X actif
10%
Jun 16, 2010 Orange Caramel en pause
10%
Jan 13, 1999 G.O.D actif
9%
Jun 10, 2021 LIGHTSUM actif
9%
Nov 12, 2014 Lovelyz en pause
9%
Mar 2, 2022 TEMPEST actif
9%
May 5, 2022 CLASS:y actif
8%
Mar 7, 2013 LADIES' CODE en pause
8%
Mar 17, 2021 MIRAE actif
8%
Jul 18, 2012 Crayon Pop en pause
7%
Aug 7, 2019 Rocket Punch actif
7%
Sep 14, 2015 DIA actif
6%
Jan 9, 2019 VERIVERY actif
6%
Jul 3, 1997 BABY V.O.X dissous
5%
Mar 15, 2021 Ciipher actif
5%
May 25, 1998 Fin. K. L dissous
5%
Apr 5, 1997 Sechs Kies actif
5%
Jun 8, 2005 SS501 en pause
5%
Sep 23, 2020 GHOST9 actif
4%
Aug 28, 2011 Stellar dissous
4%
Apr 28, 2021 HOT ISSUE dissous
3%
Oct 24, 2018 Pink Fantasy actif
3%
Apr 6, 2011 RaNia dissous
3%
Nov 21, 1999 Fly To The Sky actif
2%
Mar 30, 2001 Jewelry dissous
2%
Dec 16, 2002 Noel actif
2%
Feb 7, 2012 Spica dissous
2%
Jul 20, 2004 TRAXX dissous
2%
Oct 10, 2003 BUZZ actif
1%
Aug 1, 2019 D1CE actif
1%
Mar 14, 2018 Forestella actif
1%
May 24, 2018 PRISM actif
1%
Mar 16, 2017 Seven O’Clock dissous
1%
Jan 20, 2004 SG WANNABE actif
1%
Nov 16, 2015 SNUPER actif
1%
May 9, 2018 SPECTRUM dissous
1%
Sep 21, 2007 Supernova en pause
1%
Jul 9, 2019 LIMITLESS actif
0%
Aucun quiz correspondant
Distribution des résultats
% des personnes avec chaque résultat
Percentile par nombre de réponses
Votre historique - résultats
Vous n’avez pas pris ce quiz